Welcome to CU Library Online Public Access Catalogue (OPAC)

Focus on the family; (Record no. 3069)

MARC details
000 -LEADER
fixed length control field 00385nam a22001457a 4500
005 - DATE AND TIME OF LATEST TRANSACTION
control field 20250125130424.0
008 - FIXED-LENGTH DATA ELEMENTS--GENERAL INFORMATION
fixed length control field 250125b |||||||| |||| 00| 0 eng d
020 ## - INTERNATIONAL STANDARD BOOK NUMBER
International Standard Book Number 9780830733200
050 ## - LIBRARY OF CONGRESS CALL NUMBER
Classification number HQ536
Item number SMA
100 ## - MAIN ENTRY--PERSONAL NAME
Personal name Smalley, Gary
245 ## - TITLE STATEMENT
Title Focus on the family;
Remainder of title the abundant marriage
260 ## - PUBLICATION, DISTRIBUTION, ETC.
Place of publication, distribution, etc. USA
Name of publisher, distributor, etc. International Bible Society
Date of publication, distribution, etc. c2004
300 ## - PHYSICAL DESCRIPTION
Extent 78p
942 ## - ADDED ENTRY ELEMENTS (KOHA)
Source of classification or shelving scheme Library of Congress Classification
Koha item type Books
Suppress in OPAC No
999 ## -
-- 3069
-- 3069
Holdings
Withdrawn status Lost status Source of classification or shelving scheme Damaged status Not for loan Collection Home library Current library Shelving location Date acquired Total checkouts Full call number Barcode Date last seen Copy number Price effective from Koha item type
    Library of Congress Classification     Non-fiction Graduate Library (Christ Temple) Graduate Library (Christ Temple) General stacks 03/10/2025   HQ 536 SMA GSCT00000593 03/10/2025 1 03/10/2025 Books
    Library of Congress Classification     Non-fiction Graduate Library (Christ Temple) Graduate Library (Christ Temple) General stacks 03/10/2025   HQ 536 SMA GSCT00000594 03/10/2025 2 03/10/2025 Books
    Library of Congress Classification     Non-fiction Undergraduate Library (Christ Temple) Undergraduate Library (Christ Temple) General stacks 01/25/2025   HQ536 SMA ulct00000949 01/25/2025 1 01/25/2025 Books
    Library of Congress Classification     Non-fiction Undergraduate Library (Christ Temple) Undergraduate Library (Christ Temple) General stacks 01/25/2025   HQ536 SMA ulct00000950 01/25/2025 2 01/25/2025 Books
© 2023-2024 Copyright: Central University Libraries. All Rights Reserved | Created by: Mahone Tech Office